Statistics for Word Scramble Geography by Letter - J

Click here to take the quiz!

General Stats

  • This quiz has been taken 269 times
  • The average score is 4 of 5

Answer Stats

Answer% Correct
Jakarta
100%
Jamaica
100%
Japan
100%
Juba
100%
Jordan
93%
Java
92%
Jersey
90%
Juneau
79%
Jaipur
77%
Jacksonville
71%
Jeddah
71%
Jackson
69%
Jerusalem
69%
Johannesburg
67%
Jutland
62%
Jilin
55%
Jefferson City
50%

Score Distribution

Percentile by Number Answered

Percent of People with Each Score

Your Score History

You have not taken this quiz